The teaching nation : prospects for teachers in the European Community

Saved in:
Bibliographic Details
Main Author: Neave, Guy R.
Format: Book
Language:English
Published: Oxford : Pergamon Press, 1992
Subjects:
Tags: Add Tag
No Tags, Be the first to tag this record!

MARC

LEADER 00000nam a2200000 i 4500
001 1/95043
008 991203s1992 eng d
020 |a 0-08-041381-1 
035 |l 10055117 
040 |a GR-MY-UA  |b gre  |e aacr 
041 0 |a eng 
082 0 |a 370.94 
100 1 |a Neave, Guy R. 
245 1 4 |a The teaching nation :  |b prospects for teachers in the European Community /  |c Guy Neave 
260 |a Oxford :   |b Pergamon Press,   |c 1992 
300 |a 158 p. 
650 0 0 |a Teachers  |z European Economic Community countries. 
650 0 0 |a Teachers  |x Training of  |z European Economic Community countries. 
650 0 0 |a Teachers  |x Suppley and demand  |z European Economic Community countries. 
852 |a INST  |b RHODES  |e 19991203  |h 370.19 NEA  |p 005400012802  |q 005400012802  |t BK  |y 0 
901 |a BIBL4-1999-3 
909 |a Ρ  |b 070093 
922 |a 4ΕΛΗ  |b 199910  |c ΚΠΣ/154  |d GLORY BOOKS 
970 |a ΚΟΥΛΑΚΙΟΤΗ  |b ΛΙΤΣΑ  |z 1999/12/03